|
|
|
|
| LEADER |
00000nab a2200000 a 4500 |
| 001 |
vtls000880982 |
| 003 |
SK-MaSNL |
| 005 |
20260304123525.0 |
| 008 |
250429c2004 xo 0 slo |
| 015 |
|
|
|a SNBRB2004/08-24757
|
| 035 |
|
|
|a CLN000232505
|
| 035 |
|
|
|a urn:nbn:sk:snk-absxh
|
| 035 |
|
|
|a (urnnbn)urn:nbn:sk:snk:ar-a03icy
|
| 035 |
|
|
|a (uuid)97299396-9dc8-4d5a-89ee-3dace452e9ad
|
| 040 |
|
|
|a SNKBUCL
|b slo
|c SNKBUCL
|e AACR2
|
| 041 |
0 |
|
|a eng
|
| 044 |
|
|
|a xo
|c SK
|
| 080 |
|
|
|a 616.12/.13-07-08:061.3
|2 1997
|
| 245 |
0 |
0 |
|a Reduction of coronary flow reserve predicts mortality in coronary artery disease. A transesophageal echocardiography study
|c V. Kutyifa ... [et al.]
|
| 300 |
|
|
|b Graf
|
| 650 |
0 |
7 |
|a transezofageálna echokardiografia
|2 SNKPH
|9 2608
|
| 650 |
0 |
7 |
|a úmrtnosť
|2 SNKPH
|9 4663
|
| 650 |
0 |
7 |
|a dipyridamol
|2 SNK
|9 1010102
|
| 650 |
0 |
7 |
|a stres
|2 SNKPH
|9 14472
|
| 650 |
0 |
7 |
|a obeh koronárny
|2 SNK
|9 1432629
|
| 650 |
0 |
7 |
|a metódy
|2 SNKPH
|9 3855
|
| 650 |
0 |
7 |
|a koronárna choroba srdca
|2 SNK
|9 1233871
|
| 650 |
0 |
7 |
|a diagnostika (medicína)
|2 SNKPH
|9 28740
|
| 650 |
0 |
7 |
|a farmakoterapia
|2 SNKPH
|9 14158
|
| 655 |
|
7 |
|a články z novín a časopisov
|2 SNK
|9 267496
|
| 655 |
|
7 |
|a abstrakty z kongresu
|2 SNK
|9 115748
|
| 700 |
1 |
|
|a Nemes, A.
|4 aut
|9 1432630
|
| 700 |
1 |
|
|a Domokos, N.
|4 aut
|9 1432631
|
| 700 |
1 |
|
|a Palinkas, A.
|4 aut
|9 1429527
|
| 700 |
1 |
|
|a Varga, A.
|4 aut
|9 806014
|
| 700 |
1 |
|
|a Forster, T.
|4 aut
|9 1224933
|
| 700 |
1 |
|
|a Csanady, M.
|4 aut
|9 1429524
|
| 700 |
1 |
|
|a Kutyifa, V.
|4 aut
|9 1432632
|
| 700 |
1 |
|
|a Havasi, K.
|4 aut
|9 1034757
|
| 700 |
1 |
|
|a Picano, E.
|4 aut
|9 1432633
|
| 773 |
0 |
|
|t Bratislavské lekárske listy
|g Vol. 105, no. 4 (2004), p. 161
|x 0006-9248
|
| 850 |
|
|
|a Slovenská národná knižnica
|
| 852 |
|
|
|a Slovenská národná knižnica
|
| 958 |
|
|
|a article27
|
| 958 |
|
|
|a MI
|
| 958 |
|
|
|a OND
|
| 958 |
|
|
|a EUIPO
|
| 992 |
|
|
|a RBX
|
| 999 |
|
|
|c 2889618
|d 2891548
|